La Condición jurídica de la mujer en Honduras /

El presente trabajo es una investigación documental con un recorrido histórico de todas las constituciones que ha tenido el país desde 1824 hasta 1982 refleja desde la degradante omisión de la mujer, su tibia presencia, hasta la época actual en que sí se le reconcen derechos, pero que resultan limi...

Mô tả đầy đủ

Đã lưu trong:
Chi tiết về thư mục
Tác giả chính: Andrade Lobo, Ana Luisa
Định dạng: Texto
Những chủ đề:
Các nhãn: Thêm thẻ
Không có thẻ, Là người đầu tiên thẻ bản ghi này!

MARC

LEADER 00000 a a2200000 04500
001 15428
003
040
100 |a Andrade Lobo, Ana Luisa  
245 |a La Condición jurídica de la mujer en Honduras /  |c Ana Luisa Andrade Lobo 
520 |a El presente trabajo es una investigación documental con un recorrido histórico de todas las constituciones que ha tenido el país desde 1824 hasta 1982   |a refleja desde la degradante omisión de la mujer, su tibia presencia, hasta la época actual en que sí se le reconcen derechos, pero que resultan limitados por los prejuicios culturales prevalecientes. El documento, cuya hipótesis central gira en torno de la situación de discriminación que sufre la mujer, tiene como propósito revisar su status jurídico, analizar su situación dentro del Código de Familia, Código de Trabajo, Código Penal, Ley de Reforma Agraria, así como el articulado que compone la Declaración de las Naciones Unidas sobre la eliminación de la Discriminación contra la Mujer, documento que es ley en Honduras. HB/ALJ  
650 |a HISTORIA  
650 |a ASPECTOS SOCIALES  
650 |a MUJERES  
650 |a ASPECTOS JURIDICOS  
650 |a REFORMA AGRARIA  
650 |a DERECHOS HUMANOS  
773 |g volumen 21, número 21; páginas 55-70  
999 |c 27812  |d 27812